| 000 | 01209cam a22003734a 4500 | ||
|---|---|---|---|
| 001 | muse85035 | ||
| 003 | MdBmJHUP | ||
| 005 | 20210127151635.0 | ||
| 006 | m o d | ||
| 007 | cr||||||||nn|n | ||
| 008 | 950412s1993 mx o 00 0 spa d | ||
| 010 | _z 95140385 | ||
| 020 | _a9786075640471 | ||
| 020 | _z9681205650 | ||
| 020 | _z9789681205652 | ||
| 035 | _a(OCoLC)1061057305 | ||
| 040 |
_aMdBmJHUP _cMdBmJHUP |
||
| 050 | 0 | 4 | _aIN PROCESS |
| 245 | 0 | 0 |
_aUltramar _brevista mensual de cultura / _cestudio introductorio de James Valender. |
| 250 | _aPrimera ed. | ||
| 264 | 1 | _bEl Colegio de Mexico, | |
| 264 | 3 | _bProject MUSE, | |
| 300 | _a1 online resource (32 p.) | ||
| 506 | 0 |
_aOpen Access _fUnrestricted online access _2star |
|
| 588 | _aDescription based on print version record. | ||
| 655 | 7 |
_aElectronic books. _2local |
|
| 710 | 2 |
_aProject Muse. _edistributor |
|
| 830 | 0 | _aBook collections on Project MUSE. | |
| 856 | 4 | 0 |
_zFull text available: _uhttps://muse.jhu.edu/book/74700/ |
| 999 |
_c26505 _d26505 |
||